000 01089cam a22003377a 4500
001 17476451
003 OSt
005 20150408114201.0
008 120927s2013 nyua b 001 0 eng d
010 _a 2012950315
020 _a9780817684051 (alk. paper)
020 _a0817684050 (alk. paper)
020 _a9780817684068 (ebk.)
035 _a(OCoLC)ocn812067036
040 _aYDXCP
_cYDXCP
_dBTCTA
_dOCLCQ
_dTLE
_dBWX
_dDLC
042 _alccopycat
050 0 0 _aQA9
_b.R777 2013
082 _222
_a370.152
_bRAT
100 1 _aRoytvarf, Alexander A.
_941765
245 1 0 _aThinking in problems :
_bhow mathematicians find creative solutions / Alexander A. Roytvarf.
260 _aNew York :
_bBirkhauser,
_cc2013.
300 _axxxvii, 405 p. :
_bill. ;
_c24 cm.
650 0 _aMathematics
_xPhilosophy.
_98982
650 0 _aMathematical analysis.
650 0 _aReasoning.
_915199
650 0 _aLogic.
906 _a7
_bcbc
_ccopycat
_d2
_encip
_f20
_gy-gencatlg
942 _2ddc
_cDVD
999 _c33018
_d267518